000 00474nam a2200181Ia 4500
008 170705s9999 xx 000 0 und d
020 _a9780439917636
245 _aBiscuit visits the big city /
245 _cAlyssa Satin Capucilli ; pictures Pat Schories.
260 _aNew York :
260 _bScholastic,
260 _c2006
300 _a28 pages :
300 _bcolor illustration ;
300 _c22cm.
440 _aI can read book my first.
500 _a230
999 _c335545
_d335545